Music Quiz

Random Music or Song Quiz
Score 0/7 Timer 01:00
0 Plays Today
Song Title Band/Artist % Correct
She Will Be LovedMaroon 5
95.8%
Super BassNicki Minaj
75%
Call me maybeCarly Rae Jepsen
58.3%
DynamiteTaio Cruz
45.8%
PayphoneMaroon 5 ft. Wiz Khalifa
20.8%
One ThingOne Direction
12.5%
5:00 in the morningLily Allen ft. T-Pain
0%
Remove Ads.
Support Sporcle.
Get the best of Sporcle when you Go Orange. This ad-free experience offers more features, more stats, and more fun while also helping to support Sporcle. Thank you for becoming a member.

You're not logged in!

Compare scores with friends on all Sporcle quizzes.
OR
Log In

Show Comments

Extras

Created Aug 4, 2012ReportNominate
Tags:Artist Quiz, Song Quiz, Person, sang

Top Quizzes Today


Score Distribution

Your Account Isn't Verified!

In order to create a playlist on Sporcle, you need to verify the email address you used during registration. Go to your Sporcle Settings to finish the process.

Report this User

Report this user for behavior that violates our Community Guidelines.

Details: